000
00300nam a2200121Ia 4500
005
20251222154437.0
008
251222s9999||||xx |||||||||||||| ||spa||
020
_a
968-18-5021-1
082
_a
658.562/L12/T.1
100
_a
"Laboucheix, Vicent"
245
0
_a
Tratado de la calidad total
942
_c
LIB
999
_c
36661
_d
36661